00323nam a2200121Ia 4500008004100000100001700041245004700058245001600105260000900121300003100130440003000161650001000191171207s9999 xx 000 0 und d aSamuels, Rob aMedia marathoning: Immersions in morality  cRob Samuels c2017 apages 1150-1152, July 2017 aNew Media & Societyv19:7 aMEDIA